Janus Pannonius és a centralizáció

Elmentve itt :
Bibliográfiai részletek
Szerző: Karácsonyi Béla
Dokumentumtípus: Cikk
Megjelent: Akadémiai Kiadó Budapest 1975
Sorozat:Janus Pannonius : tanulmányok
Kulcsszavak:Janus Pannonius, Magyarország története - 15. sz.
Tárgyszavak:
Online Access:http://misc.bibl.u-szeged.hu/65484
LEADER 00856nab a2200241 i 4500
001 misc65484
005 20230207101950.0
008 220510s1975 hu o 0|| hun d
040 |a SZTE Miscellanea Repozitórium  |b hun 
041 |a hun 
041 |a lat 
100 1 |a Karácsonyi Béla 
245 1 0 |a Janus Pannonius és a centralizáció  |h [elektronikus dokumentum] /  |c  Karácsonyi Béla 
260 |a Akadémiai Kiadó  |b Budapest  |c 1975 
300 |a 93-118  |c 24 cm 
300 |a [26] p.  |c 24 cm 
490 0 |a Janus Pannonius : tanulmányok 
561 |a Németh Gyula hagyaték 
591 |a NOI 2657; XKEK 303 
650 4 |a Bölcsészettudományok 
650 4 |a Történettudomány és régészet 
695 |a Janus Pannonius, Magyarország története - 15. sz. 
856 4 0 |u http://misc.bibl.u-szeged.hu/65484/1/2657_noi_k17.pdf  |z Dokumentum-elérés